000 00877cam a2200229 a 4500
001 12105914
005 20180228092452.0
008 000714s2001 maua b 001 0 eng
010 _a 00059417
020 _a0205309240 (alk. paper)
040 _aDLC
_cDLC
_dDLC
041 _aeng
080 _a428/.0071 COL
082 0 0 _a428/.0071 COL
_221
100 1 _a42
101 _aART
245 1 0 _aTeaching the language arts :
_cCathy Collins Block.
504 _aIncludes bibliographical references (p. 643-661) and indexes.
906 _a7
_bcbc
_corignew
_d1
_eocip
_f20
_gy-gencatlg
942 _2ddc
_cBK
999 _c43735
_d43735